Curso superior de Derecho Tributario (Registro nro. 1003)

Detalles MARC
000 -LEADER
fixed length control field 01370 a2200205 4500
001 - CONTROL NUMBER
control field 22387
005 - DATE AND TIME OF LATEST TRANSACTION
control field 20260407155515.0
008 - FIXED-LENGTH DATA ELEMENTS--GENERAL INFORMATION
fixed length control field 260407a1957 arg spa d
003 - CONTROL NUMBER IDENTIFIER
control field AR-UNSa-BCEJYS
040 ## - CATALOGING SOURCE
Original cataloging agency AR-UNSa-BCEJYS
Language of cataloging spa
Transcribing agency AR-UNSa-BCEJYS
080 ## - UNIVERSAL DECIMAL CLASSIFICATION NUMBER
Universal Decimal Classification number 336.2
Common auxiliary subdivision Ingresos públicos (Derecho tributario)
041 ## - LANGUAGE CODE
Language code of text/sound track or separate title spa
100 1# - MAIN ENTRY--PERSONAL NAME
Personal name Jarach, Dino
245 10 - TITLE STATEMENT
Title Curso superior de Derecho Tributario
264 #1 - PRODUCTION, PUBLICATION, DISTRIBUTION, MANUFACTURE, AND COPYRIGHT NOTICE
Place of production, publication, distribution, manufacture Buenos Aires :
Name of producer, publisher, distributor, manufacturer Liceo Profesional Cima
Date of production, publication, distribution, manufacture, or copyright notice 1957
300 ## - PHYSICAL DESCRIPTION
Extent 2 v.(412 ; 475 p.)
Dimensions 25 cm.
505 ## - FORMATTED CONTENTS NOTE
Formatted contents note Vol. 1: 1. Nociones preliminares - 2. Poder fiscal - 3. Límites constitucionales al ejercicio del poder fiscal - 4. Relación jurídica tributaria - 5. Nacimiento y extinción de las obligaciones tributarias - 6. Naturaleza e interpretación de las obligaciones tributarias - 7. Derecho tributario administrativo - 8. Derecho tributario penal - 9. Derecho tributario procesal - Vol. 2: 10. Impuestos internos - 11. Impuesto a las ventas - 12. Impuesto a los réditos - 13. Impuesto a los beneficios extraordinarios - 14. Impuesto sustitutivo del gravamen a la transmisión gratuita de bienes - 15. Impuesto a las ganancias eventuales - 16. Impuesto inmobiliario - 17. Impuesto a las actividades lucrativas - 18. Impuesto a la transmisión gratuita de bienes - 19. Impuesto de sellos
590 ## - LOCAL NOTE (RLIN)
Local note niveau_biblio:m niveau_hierar:0
942 ## - ADDED ENTRY ELEMENTS (KOHA)
Koha item type
Existencias
Withdrawn status Lost status Damaged status Not for loan Home library Current library Shelving location Date acquired Total checkouts Full call number Barcode Date last seen Price effective from Koha item type
        Biblioteca Prof. Eusebio Cleto del Rey Biblioteca Prof. Eusebio Cleto del Rey   07/04/2026   336.2 J37c v.2 L20460 07/04/2026 07/04/2026 Libro
        Biblioteca Prof. Eusebio Cleto del Rey Biblioteca Prof. Eusebio Cleto del Rey   07/04/2026   336.2 J37c v.1 L20459 07/04/2026 07/04/2026 Libro